| 000 | 00553nam a2200205Ia 4500 | ||
|---|---|---|---|
| 005 | 20251020182532.0 | ||
| 008 | 200515s9999 xx 000 0 und d | ||
| 082 | _a711.094(85)/F64 | ||
| 100 | _aFLORES BAO, Francisco | ||
| 245 | 0 | _aUrbanismo y Vivienda : recopilación de las disposiciones legales vigentes | |
| 260 | _aLima | ||
| 260 | _c1967 | ||
| 500 | _a1 ejemplar | ||
| 520 | _aRecopilación de las disposiciones legales vigentes | ||
| 650 | _aLEGISLACION | ||
| 650 | _aLIB | ||
| 650 | _aURBANISMO | ||
| 650 | _aVIVIENDAS | ||
| 942 | _cLIB | ||
| 999 |
_c2101 _d2101 |
||